书目信息 |
| 题名: |
网店美工与视觉营销
|
|
| 作者: | 蒋珍珍 编著 | |
| 分册: | ||
| 出版信息: | 北京 化学工业出版社 2022 |
|
| 页数: | 220页 | |
| 开本: | 24cm | |
| 丛书名: | ||
| 单 册: | ||
| 中图分类: | F713.361.2 , F713.36 | |
| 科图分类: | ||
| 主题词: | 电子商务--网站--设计 | |
| 电子资源: | ||
| ISBN: | 978-7-122-40014-7 | |
| 000 | 01136nam0 2200229 450 | |
| 001 | 2238816668 | |
| 005 | 20220921104723.40 | |
| 010 | @a978-7-122-40014-7@dCNY78.00 | |
| 100 | @a20220223d2022 em y0chiy50 ea | |
| 101 | 0 | @achi |
| 102 | @aCN@b110000 | |
| 105 | @aa z 000yy | |
| 200 | 1 | @a网店美工与视觉营销@9wang dian mei gong yu shi jue ying xiao@e淘宝、京东、拼多多、抖音、快手店铺装修@f蒋珍珍编著 |
| 210 | @a北京@c化学工业出版社@d2022 | |
| 215 | @a220页@c彩图@d24cm | |
| 330 | @a本书是一本讲解网店美工与视觉设计的实例操作型教程,可以帮助广大网店店主或自媒体达人,通过美工与视觉,提高店铺流量与成交转化率。本书分为两条线来讲解网店美工与视觉营销。一条是横向案例线,通过对各种类型的素材进行后期特效制作,包括网店首页、海报广告、商品详页、带货短视频以及产品主图等的制作方法。另一条是纵向技能线,介绍了Photoshop与剪映等工具的核心技法,包括视觉设计、视觉营销、商品摄影、调色精修、抠图合成等,帮助读者快速掌握网店美工与视觉营销的精髓。 | |
| 606 | 0 | @a电子商务@x网站@x设计 |
| 690 | @aF713.361.2@v5 | |
| 690 | @aF713.36@v4 | |
| 701 | 0 | @a蒋珍珍@9jiang zhen zhen@4编著 |
| 801 | 0 | @aCN@b91MARC@c20220225 |
| 905 | @aZUCC@dF713.36@e445 | |
| 网店美工与视觉营销:淘宝、京东、拼多多、抖音、快手店铺装修/蒋珍珍编著.-北京:化学工业出版社,2022 |
| 220页:彩图;24cm |
| ISBN 978-7-122-40014-7:CNY78.00 |
| 本书是一本讲解网店美工与视觉设计的实例操作型教程,可以帮助广大网店店主或自媒体达人,通过美工与视觉,提高店铺流量与成交转化率。本书分为两条线来讲解网店美工与视觉营销。一条是横向案例线,通过对各种类型的素材进行后期特效制作,包括网店首页、海报广告、商品详页、带货短视频以及产品主图等的制作方法。另一条是纵向技能线,介绍了Photoshop与剪映等工具的核心技法,包括视觉设计、视觉营销、商品摄影、调色精修、抠图合成等,帮助读者快速掌握网店美工与视觉营销的精髓。 |
| ● |
| 相关链接 |
|
|
|
正题名:网店美工与视觉营销
索取号:F713.36/445
 
预约/预借
| 序号 | 登录号 | 条形码 | 馆藏地/架位号 | 状态 | 备注 |
| 1 | 2000899924 | 2000899924 | 第三书库/ [索取号:F713.36/445] | 在馆 | |
| 2 | 2000899925 | 2000899925 | 第三书库/ [索取号:F713.36/445] | 在馆 | |
| 3 | 2000899926 | 2000899926 | 第三书库/ [索取号:F713.36/445] | 在馆 |